[Event "Kumania-ch"]
[Site "Kisujszallas"]
[Date "2020.11.22"]
[Round "2"]
[White "Turzo, Attila"]
[Black "Balogh, David"]
[Result "1/2-1/2"]
[WhiteElo "2303"]
[BlackElo "2221"]
[PlyCount "108"]
[EventDate "2020.11.21"]
[EventType "tourn"]
[EventRounds "11"]
[EventCountry "HUN"]
[EventCategory "4"]
[SourceTitle "CBM 199 Extra"]
[Source "ChessBase"]
[SourceDate "2021.01.31"]
[SourceVersion "1"]
[SourceVersionDate "2021.01.31"]
[SourceQuality "1"]

1. e4 e6 2. d4 d5 3. Nc3 Bb4 4. e5 Ne7 5. Bd2 b6 6. Nb5 Bxd2+ 7. Qxd2 0-0 8. f4 Ba6 9. Nf3 Qd7 10. Na3 Qa4 11. c3 c5 12. Nc2 Bxf1 13. Rxf1 Nbc6 14. Kf2 f6 15. exf6 Rxf6 16. g3 Nf5 17. Kg1 Raf8 18. Qd3 h6 19. Ne3 Nxe3 20. Qxe3 cxd4 21. Nxd4 Nxd4 22. Qxd4 Qxd4+ 23. cxd4 Rc8 24. Rac1 Rff8 25. Kf2 h5 26. Ke3 g6 27. a4 Kf7 28. Kd3 Ke7 29. b3 Kd7 30. Rfe1 Kd6 31. Kd2 Kd7 32. Re5 Rxc1 33. Kxc1 Rf5 34. Re2 Rf8 35. Kd2 Rc8 36. Re5 Ke7 37. Re1 Kf6 38. Ra1 a6 39. Re1 Rc6 40. Re3 Kf5 41. Re1 Rc8 42. Re5+ Kf6 43. h3 b5 44. axb5 axb5 45. g4 h4 46. Re1 b4 47. Rc1 Ra8 48. Rc7 Ra3 49. Kc2 Ra1 50. Kd3 Rd1+ 51. Ke3 Re1+ 52. Kf3 Rf1+ 53. Ke3 Re1+ 54. Kf3 Rf1+ 1/2-1/2

[Event "Budapest Spring op"]
[Site "Budapest"]
[Date "2019.04.16"]
[Round "8"]
[White "Balogh, David"]
[Black "Srinath, Rao SV"]
[Result "0-1"]
[WhiteElo "2264"]
[BlackElo "2416"]
[PlyCount "70"]
[EventDate "2019.04.09"]
[EventType "swiss"]
[EventRounds "9"]
[EventCountry "HUN"]
[SourceTitle "CBM 190 Extra"]
[Source "ChessBase"]
[SourceDate "2019.07.15"]
[SourceVersion "1"]
[SourceVersionDate "2019.07.15"]
[SourceQuality "1"]

1. d4 Nf6 2. Nf3 g6 3. Bg5 Bg7 4. Nbd2 0-0 5. c3 d6 6. e4 c6 7. h3 Nbd7 8. a4 a5 9. Qb3 Qc7 10. Be3 b6 11. Be2 Bb7 12. 0-0 e6 13. Ne1 c5 14. f3 Nh5 15. Bb5 e5 16. dxe5 Nxe5 17. Rd1 Kh8 18. Nd3 f5 19. exf5 gxf5 20. Nf4 Nxf4 21. Bxf4 Ng6 22. Bg3 f4 23. Bf2 d5 24. Rc1 Ne7 25. Rfe1 Nf5 26. Nf1 Qd6 27. Re2 d4 28. Re6 Qd8 29. Bc6 Bxc6 30. Rxc6 Rb8 31. Rd1 Qg5 32. Rxb6 Rxb6 33. Qxb6 Ne3 34. Bxe3 fxe3 35. Nh2 e2 0-1

[Event "Budapest Spring op"]
[Site "Budapest"]
[Date "2019.04.15"]
[Round "7"]
[White "Shagbazyan, Taron"]
[Black "Balogh, David"]
[Result "0-1"]
[WhiteElo "2429"]
[BlackElo "2264"]
[PlyCount "102"]
[EventDate "2019.04.09"]
[EventType "swiss"]
[EventRounds "9"]
[EventCountry "HUN"]
[SourceTitle "CBM 190 Extra"]
[Source "ChessBase"]
[SourceDate "2019.07.15"]
[SourceVersion "1"]
[SourceVersionDate "2019.07.15"]
[SourceQuality "1"]

1. d4 g6 2. c4 Bg7 3. g3 c5 4. d5 f5 5. Bg2 d6 6. Nh3 Nd7 7. 0-0 Ngf6 8. Qc2 0-0 9. Ng5 Ne5 10. f4 Neg4 11. h3 Nh6 12. Nc3 Rb8 13. a4 a6 14. Be3 Qa5 15. Bd2 Qc7 16. Rad1 Kh8 17. Bc1 Bd7 18. e3 Qc8 19. Rfe1 Nf7 20. Nxf7+ Rxf7 21. Kh2 b5 22. axb5 axb5 23. cxb5 Bxb5 24. Nxb5 Rxb5 25. e4 Nxe4 26. Bxe4 fxe4 27. Rxe4 Qb7 28. Re2 Kg8 29. h4 Rb3 30. Rd3 Rxd3 31. Qxd3 Qd7 32. Re6 Rf6 33. Qe2 Kf7 34. Rxf6+ Bxf6 35. h5 Qf5 36. hxg6+ hxg6 37. Qc4 Bd4 38. b3 Qh5+ 39. Kg2 Qd1 40. Qf1 Qxb3 41. g4 Qxd5+ 42. Kh3 Qb3+ 43. Kh4 Qc2 44. Kg3 d5 45. f5 gxf5 46. gxf5 Be5+ 47. Kg4 Qe4+ 48. Kh5 c4 49. Bg5 Bf6 50. Kh6 Qg4 51. Bxf6 exf6 0-1

[Event "HUN-chT2 Maroczy 1819"]
[Site "Hungary"]
[Date "2019.03.31"]
[Round "10.9"]
[White "Papp, Abel"]
[Black "Balogh, David"]
[Result "1-0"]
[WhiteElo "2141"]
[BlackElo "2225"]
[PlyCount "55"]
[EventDate "2018.09.23"]
[EventType "team-tourn"]
[EventRounds "11"]
[EventCountry "HUN"]
[SourceTitle "EXT 2021"]
[Source "ChessBase"]
[SourceDate "2020.10.23"]
[SourceVersion "1"]
[SourceVersionDate "2020.10.23"]
[SourceQuality "1"]
[WhiteTeam "Lillafured DVTK II"]
[BlackTeam "Kisujszallas"]
[WhiteTeamCountry "HUN"]
[BlackTeamCountry "HUN"]

1. e4 e6 2. d3 d5 3. Qe2 Nf6 4. Nf3 Be7 5. g3 0-0 6. Bg2 c5 7. 0-0 Nc6 8. Re1 dxe4 9. dxe4 Nd4 10. Qd1 Qb6 11. e5 Nd7 12. c3 Nxf3+ 13. Qxf3 Qc7 14. Qe2 Rb8 15. c4 a6 16. Nc3 b5 17. cxb5 axb5 18. Nxb5 Qxe5 19. Qd1 Qf6 20. Na7 Nb6 21. Bf4 Bb7 22. Be5 Qf5 23. Bxb8 Rxb8 24. Bxb7 Rxb7 25. Nc6 Bf6 26. Re5 Qg6 27. Rxc5 Nd5 28. Ne5 1-0

[Event "HUN-chT2 Maroczy 1819"]
[Site "Hungary"]
[Date "2018.10.07"]
[Round "2.10"]
[White "Terbe, Zsuzsanna"]
[Black "Balogh, David"]
[Result "1-0"]
[WhiteElo "2196"]
[BlackElo "2225"]
[PlyCount "73"]
[EventDate "2018.09.23"]
[EventType "team-tourn"]
[EventRounds "11"]
[EventCountry "HUN"]
[SourceTitle "EXT 2020"]
[Source "ChessBase"]
[SourceDate "2019.10.17"]
[SourceVersion "1"]
[SourceVersionDate "2019.10.17"]
[SourceQuality "1"]
[WhiteTeam "Szigetszentmiklos"]
[BlackTeam "Kisujszallas"]
[WhiteTeamCountry "HUN"]
[BlackTeamCountry "HUN"]

1. d4 g6 2. Nf3 Bg7 3. g3 c5 4. c3 Qa5 5. dxc5 Qxc5 6. Bg2 Nf6 7. 0-0 0-0 8. Nbd2 d6 9. e4 Qh5 10. Nd4 Qxd1 11. Rxd1 Ng4 12. h3 Ne5 13. f4 Nd3 14. Nc4 Nxc1 15. Raxc1 Nd7 16. Re1 Rd8 17. Rcd1 a6 18. e5 dxe5 19. fxe5 Nc5 20. Nb6 Rb8 21. b4 Ne6 22. a4 Nc7 23. Nc6 Rxd1 24. Rxd1 bxc6 25. Rd8+ Bf8 26. Rxc8 Rxc8 27. Nxc8 Nd5 28. Bxd5 cxd5 29. b5 axb5 30. axb5 Bg7 31. Nxe7+ Kh8 32. Nc6 Bf8 33. Kf1 Bc5 34. Nb8 d4 35. c4 f6 36. Nd7 Be7 37. exf6 1-0

[Event "Budapest FS08 Nadassy"]
[Site "Budapest"]
[Date "2018.08.06"]
[Round "3.4"]
[White "Balogh, David"]
[Black "Hart, Alexander E"]
[Result "1/2-1/2"]
[WhiteElo "2234"]
[BlackElo "1903"]
[PlyCount "108"]
[EventDate "2018.08.04"]
[EventType "team-tourn"]
[EventRounds "10"]
[EventCountry "HUN"]
[SourceTitle "CBM 186 Extra"]
[Source "ChessBase"]
[SourceDate "2018.08.24"]
[SourceVersion "1"]
[SourceVersionDate "2018.08.24"]
[SourceQuality "1"]
[WhiteTeam "Higher Elo"]
[BlackTeam "Lower Elo"]
[WhiteTeamCountry "HUN"]
[BlackTeamCountry "HUN"]

1. d4 d5 2. Nc3 c6 3. e4 dxe4 4. Nxe4 Nf6 5. Nxf6+ exf6 6. c3 Bd6 7. Bd3 0-0 8. Qc2 g6 9. Ne2 Re8 10. Be3 Be6 11. Qd2 b5 12. 0-0 Nd7 13. Bf4 Nb6 14. Bxd6 Qxd6 15. Qf4 Qxf4 16. Nxf4 Bc4 17. Rfe1 Kf8 18. Be4 Bd5 19. Nxd5 Nxd5 20. Kf1 Re6 21. Bf3 Ke7 22. a4 bxa4 23. Rxa4 Rxe1+ 24. Kxe1 Kd6 25. c4 Nc7 26. Kd2 a6 27. Rb4 Ne6 28. c5+ Kc7 29. h4 a5 30. Ra4 Rb8 31. Kc3 Rb5 32. Be2 Rb4 33. Rxa5 Rxd4 34. Ra7+ Kd8 35. Rxf7 Rxh4 36. b4 Nc7 37. Bc4 Rf4 38. f3 h5 39. Rh7 h4 40. Kb3 g5 41. Bg8 Na6 42. Rb7 Kc8 43. Rb6 Nb8 44. Be6+ Kc7 45. Kc3 f5 46. b5 h3 47. gxh3 Rxf3+ 48. Kd4 cxb5 49. Bd5 Rxh3 50. Rb7+ Kc8 51. Rxb5 Rh6 52. Rb1 Nc6+ 53. Kc4 Kc7 54. Rb6 Ne5+ 1/2-1/2

[Event "Budapest FS08 Nadassy"]
[Site "Budapest"]
[Date "2018.08.05"]
[Round "2.4"]
[White "Kumar, Naman"]
[Black "Balogh, David"]
[Result "1/2-1/2"]
[WhiteElo "1914"]
[BlackElo "2234"]
[PlyCount "88"]
[EventDate "2018.08.04"]
[EventType "team-tourn"]
[EventRounds "10"]
[EventCountry "HUN"]
[SourceTitle "CBM 186 Extra"]
[Source "ChessBase"]
[SourceDate "2018.08.24"]
[SourceVersion "1"]
[SourceVersionDate "2018.08.24"]
[SourceQuality "1"]
[WhiteTeam "Lower Elo"]
[BlackTeam "Higher Elo"]
[WhiteTeamCountry "HUN"]
[BlackTeamCountry "HUN"]

1. e4 e6 2. d4 d5 3. Nc3 Bb4 4. e5 Ne7 5. a3 Bxc3+ 6. bxc3 b6 7. a4 Ba6 8. Nf3 Bxf1 9. Kxf1 Nbc6 10. Bg5 h6 11. Bxe7 Qxe7 12. g3 Na5 13. Kg2 c5 14. Qd3 0-0 15. Nd2 cxd4 16. cxd4 Rfc8 17. c3 Rc6 18. f4 Rac8 19. Rhc1 Qc7 20. Ra3 Nc4 21. Nxc4 Rxc4 22. h3 Qc6 23. Qd1 Rb4 24. cxb4 Qxc1 25. Qxc1 Rxc1 26. b5 Rc4 27. a5 Rb4 28. axb6 axb6 29. Ra8+ Kh7 30. Ra7 Kg6 31. g4 Rxb5 32. f5+ exf5 33. gxf5+ Kxf5 34. Rxf7+ Ke6 35. Rxg7 Rb4 36. Rg6+ Ke7 37. Rxh6 Rxd4 38. Rxb6 Re4 39. e6 Rxe6 40. Rxe6+ Kxe6 41. Kf3 Kf5 42. Ke3 Kg5 43. Kd4 Kh4 44. Kxd5 Kxh3 1/2-1/2

[Event "Titled Tuesday intern op 3rd April"]
[Site "Chess.com INT"]
[Date "2018.04.03"]
[Round "7"]
[White "Balogh, David"]
[Black "Quinonez Garcia, Santiago"]
[Result "0-1"]
[WhiteElo "2194"]
[BlackElo "2246"]
[PlyCount "46"]
[EventDate "2018.04.03"]
[EventType "swiss (blitz)"]
[EventRounds "10"]
[EventCountry "USA"]
[SourceTitle "EXT 2021"]
[Source "ChessBase"]
[SourceDate "2020.10.23"]
[SourceVersion "1"]
[SourceVersionDate "2020.10.23"]
[SourceQuality "1"]

1. d4 Nf6 2. Bg5 c5 3. Nc3 cxd4 4. Qxd4 Nc6 5. Qh4 h6 6. 0-0-0 Qa5 7. Bxf6 exf6 8. f4 Bc5 9. e4 0-0 10. Nf3 Bb4 11. Rd5 Qd8 12. Rd3 d6 13. Nd5 Bc5 14. Rd1 Qa5 15. Bc4 Qa4 16. Nd2 Nd4 17. Ne3 Be6 18. Kb1 Nxc2 19. Bxe6 Nxe3 20. Bb3 Qa6 21. Nf3 Nxd1 22. Rxd1 Qe2 23. Re1 Qxg2 0-1

[Event "Titled Tuesday intern op 3rd April"]
[Site "Chess.com INT"]
[Date "2018.04.03"]
[Round "10"]
[White "Balogh, David"]
[Black "Radzhabov, Rodion"]
[Result "0-1"]
[WhiteElo "2194"]
[BlackElo "2302"]
[PlyCount "78"]
[EventDate "2018.04.03"]
[EventType "swiss (blitz)"]
[EventRounds "10"]
[EventCountry "USA"]
[SourceTitle "EXT 2021"]
[Source "ChessBase"]
[SourceDate "2020.10.23"]
[SourceVersion "1"]
[SourceVersionDate "2020.10.23"]
[SourceQuality "1"]

1. d4 Nf6 2. Bg5 e6 3. Nd2 Be7 4. e4 d6 5. Bd3 Nbd7 6. Ngf3 e5 7. c3 0-0 8. 0-0 b6 9. Ne1 Bb7 10. Nc2 c5 11. dxe5 Nxe5 12. Qe2 Nxd3 13. Qxd3 d5 14. Bxf6 Bxf6 15. exd5 Qxd5 16. Qxd5 Bxd5 17. Rad1 Bxa2 18. Ne3 Be6 19. Ne4 Be7 20. f4 f5 21. Nd2 Rfd8 22. Ndc4 Bf6 23. g3 g6 24. Kf2 Kf7 25. Nd6+ Ke7 26. Nb5 Rdc8 27. Rfe1 Rc6 28. Nd5+ Kf7 29. Ndc7 Rd8 30. Nxe6 Rxe6 31. Rxd8 Bxd8 32. Nxa7 Rd6 33. Nb5 Rd2+ 34. Re2 Rd1 35. Ke3 Be7 36. Rd2 Rb1 37. Na3 Rh1 38. c4 Bf6 39. Nb5 h5 0-1

[Event "Titled Tuesday intern op 17th April"]
[Site "Chess.com INT"]
[Date "2017.11.07"]
[Round "8"]
[White "Balogh, David"]
[Black "Jones, Gawain C B"]
[Result "0-1"]
[WhiteElo "2189"]
[BlackElo "2659"]
[PlyCount "86"]
[EventDate "2017.04.17"]
[EventType "swiss (blitz)"]
[EventRounds "10"]
[EventCountry "USA"]
[SourceTitle "EXT 2021"]
[Source "ChessBase"]
[SourceDate "2020.10.23"]
[SourceVersion "1"]
[SourceVersionDate "2020.10.23"]
[SourceQuality "1"]

1. d4 Nf6 2. Bg5 Ne4 3. Bf4 d5 4. f3 Nf6 5. e4 dxe4 6. Nc3 exf3 7. Nxf3 Bg4 8. h3 Bxf3 9. Qxf3 c6 10. 0-0-0 e6 11. Bg5 Be7 12. Bc4 Nbd7 13. Rhf1 0-0 14. g4 Nd5 15. Bxe7 Qxe7 16. Ne4 b5 17. Bb3 a5 18. a4 bxa4 19. Bxa4 Rab8 20. Bxc6 Nb4 21. Bxd7 Qxd7 22. Nc5 Qb5 23. Qb3 Rfc8 24. Rf2 a4 25. Nxa4 Nd3+ 26. Rxd3 Qxb3 27. Rxb3 Rxb3 28. Nc5 Rxh3 29. b4 h5 30. gxh5 Rxh5 31. Kb2 Rd5 32. c3 g5 33. Rg2 Kf8 34. Kb3 Ke7 35. Kc4 Kd6 36. b5 f6 37. Kb4 e5 38. Rf2 exd4 39. Rxf6+ Ke5 40. Rc6 Rxc6 41. bxc6 Rxc5 42. Kxc5 dxc3 43. c7 c2 0-1

[Event "Titled Tuesday intern op 17th April"]
[Site "Chess.com INT"]
[Date "2017.11.07"]
[Round "7"]
[White "Grinev, Valeriy"]
[Black "Balogh, David"]
[Result "0-1"]
[WhiteElo "2409"]
[BlackElo "2189"]
[PlyCount "108"]
[EventDate "2017.04.17"]
[EventType "swiss (blitz)"]
[EventRounds "10"]
[EventCountry "USA"]
[SourceTitle "EXT 2021"]
[Source "ChessBase"]
[SourceDate "2020.10.23"]
[SourceVersion "1"]
[SourceVersionDate "2020.10.23"]
[SourceQuality "1"]

1. d4 Nf6 2. c4 Nc6 3. Nf3 e6 4. a3 d6 5. Nc3 g6 6. e4 Bg7 7. d5 Ne5 8. Nxe5 dxe5 9. f3 0-0 10. Be3 a6 11. Be2 Nh5 12. 0-0 Nf4 13. Rf2 Qe7 14. Bf1 Rd8 15. g3 Nh5 16. Rd2 Bd7 17. c5 Rac8 18. d6 Qe8 19. dxc7 Rxc7 20. b4 Rcc8 21. Qb3 Bc6 22. Rad1 Rxd2 23. Rxd2 Rd8 24. Qd1 Rd4 25. Ne2 Ba4 26. Qc1 Rd8 27. Rxd8 Qxd8 28. Qd2 Qf6 29. Bg2 Bc6 30. Qd6 h6 31. Nc3 g5 32. a4 Nf4 33. Bf1 Ng6 34. Kg2 Be8 35. b5 axb5 36. Bxb5 Bf8 37. Qb8 Bc6 38. Bxc6 bxc6 39. a5 h5 40. Qb2 g4 41. Qe2 gxf3+ 42. Qxf3 Qd8 43. Qe2 h4 44. a6 Qa5 45. Qb2 Qxa6 46. Qe2 Qa5 47. Qc4 hxg3 48. hxg3 Qa1 49. Bf2 Qb2 50. Kf3 Qc2 51. Be1 Bh6 52. Bf2 Bd2 53. Be3 Qxc3 54. Qxc3 Bxc3 0-1

[Event "Titled Tuesday intern op 17th April"]
[Site "Chess.com INT"]
[Date "2017.11.07"]
[Round "2"]
[White "Hua, Eugene"]
[Black "Balogh, David"]
[Result "0-1"]
[WhiteElo "2260"]
[BlackElo "2189"]
[PlyCount "110"]
[EventDate "2017.04.17"]
[EventType "swiss (blitz)"]
[EventRounds "10"]
[EventCountry "USA"]
[SourceTitle "EXT 2021"]
[Source "ChessBase"]
[SourceDate "2020.10.23"]
[SourceVersion "1"]
[SourceVersionDate "2020.10.23"]
[SourceQuality "1"]

1. c4 g6 2. Nc3 Bg7 3. g3 c5 4. Bg2 Nc6 5. Nf3 d6 6. 0-0 Nf6 7. Ne1 0-0 8. a3 a6 9. Rb1 Bd7 10. b4 Rb8 11. Nc2 b6 12. b5 axb5 13. Nxb5 Na5 14. d3 Bc6 15. e4 Nd7 16. Ne3 Ba8 17. Bb2 Bxb2 18. Rxb2 Ne5 19. f4 Nec6 20. Rbf2 Bb7 21. h4 Ba6 22. Nc3 Nd4 23. h5 b5 24. f5 Qd7 25. Ncd5 Bb7 26. fxg6 fxg6 27. Rxf8+ Rxf8 28. Rxf8+ Kxf8 29. Nf4 Kg7 30. Ng4 g5 31. h6+ Kg8 32. Nh5 bxc4 33. Nhf6+ exf6 34. Nxf6+ Kf7 35. Nxd7 c3 36. Qf1+ Ke7 37. Nb6 c2 38. Kh2 Nab3 39. e5 c1Q 40. exd6+ Kxd6 41. Qf6+ Kc7 42. Nc4 Bxg2 43. Qd6+ Kc8 44. Qa6+ Bb7 45. Nd6+ Kd7 46. Qxb7+ Kxd6 47. Qb8+ Ke7 48. Qe5+ Ne6 49. Qf5 Qd2+ 50. Kh3 g4+ 51. Kxg4 Qxh6 52. Qd5 Nbd4 53. Qb7+ Kf6 54. Qe4 Qg6+ 55. Qxg6+ hxg6 0-1

[Event "Titled Tuesday intern op 3rd Oct"]
[Site "Chess.com INT"]
[Date "2017.10.03"]
[Round "9"]
[White "Balogh, David"]
[Black "Maidel, Anton"]
[Result "0-1"]
[WhiteElo "2200"]
[BlackElo "2347"]
[PlyCount "72"]
[EventDate "2017.10.03"]
[EventType "swiss (blitz)"]
[EventRounds "10"]
[EventCountry "USA"]
[SourceTitle "EXT 2021"]
[Source "ChessBase"]
[SourceDate "2020.10.23"]
[SourceVersion "1"]
[SourceVersionDate "2020.10.23"]
[SourceQuality "1"]

1. d4 d5 2. Nc3 c6 3. e4 dxe4 4. Nxe4 Nf6 5. Nxf6+ gxf6 6. c3 Bf5 7. Nf3 e6 8. g3 Nd7 9. Bg2 Qc7 10. Bf4 Qb6 11. Qe2 0-0-0 12. 0-0 h5 13. h4 Bg4 14. b4 Rg8 15. a4 a6 16. Rfb1 e5 17. dxe5 fxe5 18. Be3 Qc7 19. Qc2 f5 20. Bg5 Re8 21. b5 f4 22. bxa6 bxa6 23. a5 Bc5 24. Kh2 Bxf3 25. Bxf3 Rxg5 26. hxg5 fxg3+ 27. fxg3 h4 28. Qe4 hxg3+ 29. Kxg3 Rf8 30. Qxc6 Rxf3+ 31. Qxf3 e4+ 32. Qf4 Bd6 33. Qxd6 Qxd6+ 34. Kg4 Qe6+ 35. Kh5 Ne5 36. Rb6 Qh3# 0-1

[Event "Titled Tuesday intern op 3rd Oct"]
[Site "Chess.com INT"]
[Date "2017.10.03"]
[Round "2"]
[White "Balogh, David"]
[Black "Oberholzer, Francois"]
[Result "1-0"]
[WhiteElo "2200"]
[BlackElo "2045"]
[PlyCount "87"]
[EventDate "2017.10.03"]
[EventType "swiss (blitz)"]
[EventRounds "10"]
[EventCountry "USA"]
[SourceTitle "EXT 2021"]
[Source "ChessBase"]
[SourceDate "2020.10.23"]
[SourceVersion "1"]
[SourceVersionDate "2020.10.23"]
[SourceQuality "1"]

1. d4 g6 2. e4 Bg7 3. Nc3 d6 4. Be3 a6 5. Qd2 b5 6. a3 Bb7 7. f3 Nd7 8. Nh3 c5 9. d5 Ngf6 10. Nf2 Rc8 11. Be2 Qa5 12. 0-0 0-0 13. Rfc1 Ba8 14. Bh6 Qb6 15. Bxg7 Kxg7 16. Qe3 Rc7 17. f4 Rfc8 18. g4 b4 19. Ncd1 a5 20. h4 c4 21. axb4 axb4 22. c3 Qxe3 23. Nxe3 Nc5 24. Rxa8 Rxa8 25. e5 dxe5 26. fxe5 Nfe4 27. cxb4 Nxf2 28. Kxf2 Na4 29. b3 Nb6 30. bxc4 Ra2 31. Kf3 Rb2 32. c5 Nc8 33. d6 exd6 34. exd6 Ra7 35. b5 Raa2 36. d7 Rxe2 37. dxc8Q Rf2+ 38. Ke4 Ra4+ 39. Rc4 f5+ 40. gxf5 gxf5+ 41. Ke5 Ra3 42. Nxf5+ Kg6 43. Qg8+ Kh5 44. Qg5# 1-0

[Event "Titled Tuesday intern op 3rd Oct"]
[Site "Chess.com INT"]
[Date "2017.10.03"]
[Round "1"]
[White "Ivic, Velimir"]
[Black "Balogh, David"]
[Result "1-0"]
[WhiteElo "2350"]
[BlackElo "2200"]
[PlyCount "123"]
[EventDate "2017.10.03"]
[EventType "swiss (blitz)"]
[EventRounds "10"]
[EventCountry "USA"]
[SourceTitle "EXT 2021"]
[Source "ChessBase"]
[SourceDate "2020.10.23"]
[SourceVersion "1"]
[SourceVersionDate "2020.10.23"]
[SourceQuality "1"]

1. e4 e6 2. d4 d5 3. Nc3 Bb4 4. Nge2 Nf6 5. e5 Nfd7 6. a3 Be7 7. f4 c5 8. Be3 Nc6 9. Qd2 a6 10. dxc5 Bxc5 11. Bxc5 Nxc5 12. 0-0-0 b5 13. Nd4 Bb7 14. Nxc6 Bxc6 15. Qd4 Nd7 16. Bd3 g6 17. g4 h5 18. h3 Qb6 19. Ne2 Qxd4 20. Nxd4 Bb7 21. Kd2 0-0-0 22. Be2 Nc5 23. Ke3 Ne4 24. Rdg1 hxg4 25. hxg4 Kd7 26. Bf3 Nc5 27. f5 Rc8 28. f6 Kc7 29. g5 Kb6 30. Rh6 Rxh6 31. gxh6 Rh8 32. Rh1 Nd7 33. Kf4 g5+ 34. Kxg5 Nxe5 35. Bg2 Kc5 36. Kf4 Ng6+ 37. Ke3 e5 38. Nf5 d4+ 39. Kf2 Bxg2 40. Kxg2 Kd5 41. h7 Ke6 42. Ne7 Nxe7 43. fxe7 Kxe7 44. Kf3 Ke6 45. Rh6+ f6 46. Ke4 a5 47. b3 a4 48. b4 Kf7 49. Kf5 Kg7 50. Rxf6 Rxh7 51. Kxe5 Rh3 52. Rb6 d3 53. cxd3 Rxd3 54. Rxb5 Rxa3 55. Ra5 Kf7 56. Kd6 Kf6 57. b5 Ra1 58. b6 Rb1 59. Kc7 Rc1+ 60. Kb8 Rc4 61. b7 Rb4 62. Ka7 1-0

[Event "Titled Tuesday intern op 5th Sept"]
[Site "Chess.com INT"]
[Date "2017.09.05"]
[Round "9"]
[White "Balogh, David"]
[Black "Bakr, Hapez"]
[Result "1-0"]
[WhiteElo "2200"]
[BlackElo "1870"]
[PlyCount "43"]
[EventDate "2017.09.05"]
[EventType "swiss (blitz)"]
[EventRounds "10"]
[EventCountry "USA"]
[SourceTitle "EXT 2021"]
[Source "ChessBase"]
[SourceDate "2020.10.23"]
[SourceVersion "1"]
[SourceVersionDate "2020.10.23"]
[SourceQuality "1"]

1. d4 Nf6 2. Bg5 d5 3. Bxf6 exf6 4. e3 Bf5 5. Nc3 c6 6. Bd3 Bg6 7. Qf3 Bd6 8. 0-0-0 0-0 9. Nge2 b5 10. Nf4 Bxf4 11. Qxf4 a5 12. h4 Bxd3 13. cxd3 a4 14. Kb1 b4 15. Ne2 Qe7 16. Rc1 Rc8 17. Ng3 Nd7 18. Nf5 Qe6 19. h5 c5 20. Qg4 g6 21. hxg6 hxg6 22. Qh3 1-0

[Event "Titled Tuesday intern op 5th Sept"]
[Site "Chess.com INT"]
[Date "2017.09.05"]
[Round "6"]
[White "Tagelsir, Abubaker"]
[Black "Balogh, David"]
[Result "1-0"]
[WhiteElo "2219"]
[BlackElo "2200"]
[PlyCount "53"]
[EventDate "2017.09.05"]
[EventType "swiss (blitz)"]
[EventRounds "10"]
[EventCountry "USA"]
[SourceTitle "EXT 2021"]
[Source "ChessBase"]
[SourceDate "2020.10.23"]
[SourceVersion "1"]
[SourceVersionDate "2020.10.23"]
[SourceQuality "1"]

1. e4 e6 2. d4 d5 3. Nc3 Bb4 4. e5 Ne7 5. a3 Bxc3+ 6. bxc3 b6 7. Qg4 Ng6 8. h4 h5 9. Qg3 Ba6 10. Bxa6 Nxa6 11. Nf3 Nb8 12. a4 Nc6 13. Ba3 Nce7 14. Ng5 Nf5 15. Qd3 Qd7 16. g3 Qxa4 17. 0-0 Qc4 18. Qf3 Nf8 19. Rfb1 Nd7 20. Rb4 Qc6 21. Rb3 g6 22. Rd1 Qa4 23. c4 c6 24. cxd5 cxd5 25. c4 Qxc4 26. Rc3 Qa6 27. Rdc1 1-0

[Event "Puspokladany Arnoth Memorial 10th"]
[Site "Puspokladany"]
[Date "2017.07.27"]
[Round "3"]
[White "Debreceni, Mate"]
[Black "Balogh, David"]
[Result "0-1"]
[WhiteElo "2039"]
[BlackElo "2196"]
[PlyCount "62"]
[EventDate "2017.07.26"]
[EventType "swiss"]
[EventRounds "9"]
[EventCountry "HUN"]
[SourceTitle "EXT 2019"]
[Source "ChessBase"]
[SourceDate "2018.10.10"]
[SourceVersion "1"]
[SourceVersionDate "2018.10.10"]
[SourceQuality "1"]

1. e4 e6 2. f4 d5 3. e5 c5 4. c3 Nc6 5. Nf3 Nh6 6. Na3 f6 7. Nc2 fxe5 8. fxe5 Nxe5 9. Nxe5 Qh4+ 10. g3 Qe4+ 11. Qe2 Qxh1 12. Qb5+ Kd8 13. d4 Bd6 14. Bxh6 Bxe5 15. dxe5 gxh6 16. 0-0-0 Qxh2 17. Qxc5 Qxg3 18. c4 Qxe5 19. cxd5 Bd7 20. Bh3 Rc8 21. Qxa7 Qh2 22. Qa5+ Ke8 23. Qd2 Qxh3 24. dxe6 Bxe6 25. Re1 Rf8 26. Qe2 Rc6 27. Qe5 Ke7 28. Kb1 Qd3 29. Qh2 Rf1 30. Qh4+ Kd7 31. Rxf1 Qxc2+ 0-1